Państwa w których nie odnotowano ujemnej temperatury - Statystyki

Ogólne statystyki
  • Ten quiz został rozwiązany 37 razy
  • Średni wynik to 6 z 11
Statystyki odpowiedzi
Państwo % Poprawnych
Nauru
72%
Tuvalu
72%
Palau
68%
Kiribati
64%
Mikronezja
56%
Wyspy Marshalla
56%
Singapur
48%
Grenada
44%
Barbados
40%
Malediwy
40%
Seszele
40%
Nie znaleziono quizów pasujących do podanych kryteriów
Rozkład punktacji
Procent ludzi z każdym wynikiem
Percentyl według liczby udzielonych odpowiedzi
Twoja historia wyników
Nie rozwiązałeś tego quizu